PHARMACEUTICAL MICROBIOLOGY (Record no. 9621)

MARC details
000 -LEADER
fixed length control field 00341nam a22001577a 4500
003 - CONTROL NUMBER IDENTIFIER
control field SGT
020 ## - INTERNATIONAL STANDARD BOOK NUMBER
International Standard Book Number 81-85731-25-X
082 ## - DEWEY DECIMAL CLASSIFICATION NUMBER
Classification number 616.01
Item number P16J
100 ## - MAIN ENTRY--PERSONAL NAME
Personal name JAIN, N.K
245 ## - TITLE STATEMENT
Title PHARMACEUTICAL MICROBIOLOGY
250 ## - EDITION STATEMENT
Edition statement 2ND
260 ## - PUBLICATION, DISTRIBUTION, ETC. (IMPRINT)
Place of publication, distribution, etc NEW DELHI
Name of publisher, distributor, etc VALLABH. PUB
Year of Publication 2016
300 ## - PAGE DESCRIPTION
No. of Pages 344
650 ## - SUBJECT ADDED ENTRY--TOPICAL TERM
Topical term or geographic name as entry element MICROBIOLOGY
942 ## - ADDED ENTRY ELEMENTS (KOHA)
Source of classification or shelving scheme Dewey Decimal Classification
Koha item type Books
942 ## - ADDED ENTRY ELEMENTS (KOHA)
-- 26
Holdings
Withdrawn status Lost status Source of classification or shelving scheme Damaged status Not for loan Collection code Home library Current library Shelving location Date acquired Vendor Name Cost, normal purchase price SGTU Bill Number Total Checkouts Full call number Accession No. (Barcode) Date last seen Date last borrowed Bill Date Koha item type Total Renewals
    Dewey Decimal Classification     PHARMACY SGT FA-FP Library SGT FA-FP Library Text Book 23/07/2016 UNIVERSAL BOOK 200.00 SGTU 156 9 616.01 P16J FP1936 29/11/2023 23/11/2023 15/07/2016 Books  
    Dewey Decimal Classification     PHARMACY SGT FA-FP Library SGT FA-FP Library Reference Book 23/07/2016 UNIVERSAL BOOK 200.00 SGTU 156   616.01 P16J FP1937 23/07/2016   15/07/2016 Books  
    Dewey Decimal Classification     PHARMACY SGT FA-FP Library SGT FA-FP Library Text Book 23/07/2016 UNIVERSAL BOOK 200.00 SGTU 156 4 616.01 P16J FP1938 27/04/2024 29/01/2024 15/07/2016 Books 2
    Dewey Decimal Classification     PHARMACY SGT FA-FP Library SGT FA-FP Library Text Book 23/07/2016 UNIVERSAL BOOK 200.00 SGTU 156 18 616.01 P16J FP1939 18/01/2024 02/01/2024 15/07/2016 Books  
    Dewey Decimal Classification     PHARMACY SGT FA-FP Library SGT FA-FP Library Text Book 23/07/2016 UNIVERSAL BOOK 200.00 SGTU 156 6 616.01 P16J FP1940 27/10/2023 26/10/2023 15/07/2016 Books  
    Dewey Decimal Classification     PHARMACY SGT FA-FP Library SGT FA-FP Library Text Book 23/07/2016 UNIVERSAL BOOK 200.00 SGTU 156 6 616.01 P16J FP1941 02/11/2022 17/10/2022 15/07/2016 Books  
    Dewey Decimal Classification     PHARMACY SGT FA-FP Library SGT FA-FP Library Text Book 23/07/2016 UNIVERSAL BOOK 200.00 SGTU 156 8 616.01 P16J FP1942 13/01/2024 09/01/2024 15/07/2016 Books  
    Dewey Decimal Classification     PHARMACY SGT FA-FP Library SGT FA-FP Library Text Book 23/07/2016 UNIVERSAL BOOK 200.00 SGTU 156 5 616.01 P16J FP1943 13/07/2023 03/01/2023 15/07/2016 Books  
    Dewey Decimal Classification     PHARMACY SGT FA-FP Library SGT FA-FP Library Text Book 23/07/2016 UNIVERSAL BOOK 200.00 SGTU 156 3 616.01 P16J FP1944 30/10/2018 16/10/2018 15/07/2016 Books  
    Dewey Decimal Classification     PHARMACY SGT FA-FP Library SGT FA-FP Library Text Book 23/07/2016 UNIVERSAL BOOK 200.00 SGTU 156 5 616.01 P16J FP1945 26/02/2021 06/02/2021 15/07/2016 Books